| 000 | 00644nam a2200229Ia 4500 | ||
|---|---|---|---|
| 003 | OSt | ||
| 005 | 20220928115744.0 | ||
| 006 | a|||||r|||| 00| 0 | ||
| 007 | ta | ||
| 008 | 220927b |||||||| |||| 00| 0 eng d | ||
| 024 | _a53629 | ||
| 037 | _cTextual | ||
| 040 |
_aSDCL _cSDCL _beng |
||
| 041 |
_2eng _aeng |
||
| 082 | _aV43698:51'N7, L8 | ||
| 100 |
_aJolliffe Jill _9445934 |
||
| 245 | 0 |
_aEast timor _b Nationalism and colonialism |
|
| 260 |
_aQueensland _bUniversity of Queensland Press _c1978 |
||
| 300 |
_axi,362p _ccm. |
||
| 942 |
_hV43698:51'N7, L8 _cTEXL _2CC |
||
| 999 |
_c760796 _d760796 |
||